Boss de The Legend of Zelda : Oracle of Seasons par images - Statistiques

Statistiques générales
  • Ce quiz a été pris 2 fois
  • Le résultat moyen est 8 sur 11
Statistiques - réponses
Par images Réponse % Correct
Aquamentus
100%
Dodongo
100%
Ganon
100%
Gohma
100%
Onox
100%
Twinrova
100%
Digdogger
50%
Gleeok
50%
Manhandla
50%
Madelock
0%
Mite
0%
Aucun quiz correspondant
Distribution des résultats
% des personnes avec chaque résultat
Percentile par nombre de réponses
Votre historique - résultats
Vous n’avez pas pris ce quiz